Crime and punishment, and the Critics

Gespeichert in:
Bibliographische Detailangaben
1. Verfasser: Wasiolek, Edward
Format: Buch
Sprache:Undetermined
Veröffentlicht: New York, Estados Unidos Wadsworth 1961
Schlagworte:
Tags: Tag hinzufügen
Keine Tags, Fügen Sie den ersten Tag hinzu!

MARC

LEADER 00000nam a2200000Ia 4500
008 170316s9999 xx 000 0 und d
090 |a 801 W-3c 
100 |a Wasiolek, Edward 
245 |a Crime and punishment, and the Critics 
260 |a New York, Estados Unidos 
260 |b Wadsworth 
260 |c 1961 
300 |a 166 páginas 
650 |a TEORÍA LITERARIA 
650 |a DOSTOEVSKY 
650 |a CRÍTICA LITERARIA 
999 |c 20751  |d 20751 
040 |a cru BVZT 
942 |c 15 D  |h 801 W-3c  |2 z